2016 Election Night - Statistics

General Stats
  • This quiz has been taken 21 times
  • The average score is 53 of 56
Answer Stats
Time Called EST Electoral Votes Answer % Correct
11:00 PM 55 California
100%
10:44 PM 9 Colorado
100%
8:00 PM 3 District of Columbia
100%
10:51 PM 29 Florida
100%
11:34 PM 16 Georgia
100%
11:00 PM 4 Hawaii
100%
8:58 PM 20 Illinois
100%
1:56 AM 2 Maine
100%
8:00 PM 10 Maryland
100%
8:00 PM 11 Massachusetts
100%
Nov. 28, 2:28 PM 16 Michigan
100%
11:14 AM 10 Minnesota
100%
8:00 PM 14 New Jersey
100%
10:22 PM 5 New Mexico
100%
9:00 PM 29 New York
100%
11:12 PM 15 North Carolina
100%
10:37 PM 18 Ohio
100%
11:07 PM 7 Oregon
100%
1:37 AM 20 Pennsylvania
100%
9:00 PM 38 Texas
100%
7:00 PM 3 Vermont
100%
10:41 PM 13 Virginia
100%
11:30 PM 12 Washington
100%
9:00 PM 3 Wyoming
100%
8:27 PM 9 Alabama
91%
12:00 PM 3 Alaska
91%
9:27 PM 7 Connecticut
91%
8:00 PM 3 Delaware
91%
11:00 PM 4 Idaho
91%
7:00 PM 11 Indiana
91%
Wed. 12:03 AM 6 Iowa
91%
9:00 PM 6 Kansas
91%
7:00 PM 8 Kentucky
91%
1:56 AM 1 Maine-1
91%
1:56 AM 1 Maine-2
91%
8:53 PM 6 Mississippi
91%
10:26 PM 10 Missouri
91%
10:00 PM 3 Montana
91%
9:00 PM 2 Nebraska
91%
9:00 PM 1 Nebraska-1
91%
2:01 AM 1 Nebraska-2
91%
9:00 PM 1 Nebraska-3
91%
12:22 AM 6 Nevada
91%
Nov. 15, 5:02 PM 4 New Hampshire
91%
9:00 PM 3 North Dakota
91%
8:00 PM 7 Oklahoma
91%
8:41 PM 4 Rhode Island
91%
8:10 PM 9 South Carolina
91%
9:00 PM 3 South Dakota
91%
8:16 PM 11 Tennessee
91%
11:52 PM 6 Utah
91%
7:30 PM 5 West Virginia
91%
2:31 AM 10 Wisconsin
91%
9:09 PM 6 Arkansas
82%
9:30 PM 8 Louisiana
82%
Thu. 7:37 PM 11 Arizona
73%
No matching quizzes found
Score Distribution
Percent of People with Each Score
Percentile by Number Answered
Your Score History
You have not taken this quiz